[Event "BL2-West 2122"]
[Site "Germany"]
[Date "2022.05.01"]
[Round "4.2"]
[White "Schlawin, Marlon"]
[Black "Muschik, Benedikt"]
[Result "0-1"]
[WhiteElo "2327"]
[BlackElo "2330"]
[PlyCount "126"]
[EventDate "2022.03.05"]
[EventType "team-tourn"]
[EventRounds "10"]
[EventCountry "GER"]
[SourceTitle "EXT 2023"]
[Source "ChessBase"]
[SourceDate "2022.10.05"]
[SourceVersion "1"]
[SourceVersionDate "2022.10.05"]
[SourceQuality "1"]
[WhiteTeam "Bochum"]
[BlackTeam "Muenster"]
[WhiteTeamCountry "GER"]
[BlackTeamCountry "GER"]

1. e4 g6 2. d4 Bg7 3. Nc3 d6 4. Be3 a6 5. a4 b6 6. Qd2 Nd7 7. Bc4 h6 8. Nge2 Bb7 9. f3 e6 10. h4 Ngf6 11. Bb3 Qe7 12. g4 c5 13. 0-0-0 0-0-0 14. g5 hxg5 15. Bxg5 cxd4 16. Nxd4 Nc5 17. Bc4 Qc7 18. Qe2 Bh6 19. Bxh6 Rxh6 20. b4 d5 21. bxc5 dxc4 22. cxb6 Qc5 23. Qe3 Rh5 24. Nce2 Nd7 25. Ng3 Rhh8 26. f4 Nxb6 27. h5 c3 28. Rd3 Nxa4 29. hxg6 Qa3+ 30. Kd1 Rxh1+ 31. Nxh1 Qa1+ 32. Ke2 Qxh1 33. gxf7 Bxe4 34. Nxe6 Bxd3+ 35. Qxd3 Qg2+ 36. Ke1 Qh1+ 37. Ke2 Qh5+ 38. Ke1 Qh4+ 39. Kf1 Qh1+ 40. Kf2 Qh2+ 41. Kf1 Qh1+ 42. Kf2 Qh2+ 43. Kf1 Rxd3 44. f8Q+ Kd7 45. Qg7+ Kxe6 46. Qg6+ Ke7 47. Qe4+ Kd6 48. Qxd3+ Kc5 49. Qe3+ Kb4 50. Qe4+ Ka3 51. f5 Qd6 52. Qf3 Qf6 53. Qd5 Qb6 54. Kg2 Kb2 55. f6 Qxf6 56. Qb3+ Kc1 57. Qxa4 Qb6 58. Kf3 Kb2 59. Qe4 a5 60. Ke2 Qb5+ 61. Ke1 a4 62. Qf4 a3 63. Kd1 Qd5+ 0-1

[Event "BL2-West 1718"]
[Site "Germany"]
[Date "2018.03.18"]
[Round "8.5"]
[White "Schlawin, Marlon"]
[Black "Coenen, Michael"]
[Result "0-1"]
[WhiteElo "2353"]
[BlackElo "2375"]
[PlyCount "68"]
[EventDate "2017.10.08"]
[EventType "team-tourn"]
[EventRounds "9"]
[EventCountry "GER"]
[SourceTitle "CBM 183 Extra"]
[Source "ChessBase"]
[SourceDate "2018.04.19"]
[SourceVersion "1"]
[SourceVersionDate "2018.04.19"]
[SourceQuality "1"]
[WhiteTeam "Bochum SG"]
[BlackTeam "Duesseldorf"]
[WhiteTeamCountry "GER"]
[BlackTeamCountry "GER"]

1. c4 e6 2. g3 d5 3. Bg2 Nf6 4. Nf3 Be7 5. 0-0 0-0 6. b3 b6 7. Bb2 Bb7 8. d3 c5 9. cxd5 Nxd5 10. Nbd2 Bf6 11. Qc1 Nd7 12. Ne4 Bxb2 13. Qxb2 N7f6 14. Ned2 Qe7 15. a3 Rfd8 16. Rfb1 Rac8 17. b4 cxb4 18. axb4 Nc3 19. Re1 Nb5 20. Nc4 Nd5 21. Reb1 Rc7 22. h4 Ba8 23. Kf1 Nbc3 24. Rc1 b5 25. e4 bxc4 26. exd5 Nxd5 27. Rxc4 Rxc4 28. dxc4 Nxb4 29. Qa3 Qf6 30. Rb1 Nd3 31. Qa5 e5 32. Qc7 e4 33. Rb8 Qa1+ 34. Ke2 exf3+ 0-1

[Event "BL2-West 1718"]
[Site "Germany"]
[Date "2018.01.21"]
[Round "5.5"]
[White "Bewersdorff, Oliver"]
[Black "Schlawin, Marlon"]
[Result "1/2-1/2"]
[WhiteElo "2299"]
[BlackElo "2353"]
[PlyCount "30"]
[EventDate "2017.10.08"]
[EventType "team-tourn"]
[EventRounds "9"]
[EventCountry "GER"]
[SourceTitle "CBM 183 Extra"]
[Source "ChessBase"]
[SourceDate "2018.04.19"]
[SourceVersion "1"]
[SourceVersionDate "2018.04.19"]
[SourceQuality "1"]
[WhiteTeam "Schott Mainz"]
[BlackTeam "Bochum SG"]
[WhiteTeamCountry "GER"]
[BlackTeamCountry "GER"]

1. c4 e5 2. g3 g6 3. Bg2 Bg7 4. Nc3 d6 5. d3 Ne7 6. Nf3 0-0 7. 0-0 a5 8. d4 Bg4 9. dxe5 dxe5 10. h3 Bf5 11. Be3 Nbc6 12. Nd5 Be4 13. Nc3 Bf5 14. Nd5 Be4 15. Nc3 Bf5 1/2-1/2

[Event "BL2-West 1718"]
[Site "Germany"]
[Date "2017.11.12"]
[Round "3.5"]
[White "Schaefer, Markus"]
[Black "Schlawin, Marlon"]
[Result "1/2-1/2"]
[WhiteElo "2401"]
[BlackElo "2353"]
[PlyCount "81"]
[EventDate "2017.10.08"]
[EventType "team-tourn"]
[EventRounds "9"]
[EventCountry "GER"]
[SourceTitle "CBM 183 Extra"]
[Source "ChessBase"]
[SourceDate "2018.04.19"]
[SourceVersion "1"]
[SourceVersionDate "2018.04.19"]
[SourceQuality "1"]
[WhiteTeam "Solingen"]
[BlackTeam "Bochum SG"]
[WhiteTeamCountry "GER"]
[BlackTeamCountry "GER"]

1. e4 e6 2. d4 d5 3. Nd2 c5 4. Ngf3 Nf6 5. exd5 Nxd5 6. c3 Nc6 7. Nb3 cxd4 8. Nbxd4 Nxd4 9. Nxd4 Bd6 10. Bd3 0-0 11. 0-0 Qf6 12. Nf3 Bf4 13. Qe2 Bxc1 14. Qe4 Qg6 15. Qxg6 hxg6 16. Rfxc1 Bd7 17. Ne5 Rfd8 18. Be4 Be8 19. Rd1 Rac8 20. Bxd5 Rxd5 21. Rxd5 exd5 22. Rd1 f6 23. Ng4 Bf7 24. Ne3 Rc5 25. a3 Kf8 26. h4 Ke7 27. Kf1 Kd6 28. c4 Ke5 29. b4 Rc8 30. cxd5 Rd8 31. Rc1 Rd7 32. Ke2 Bxd5 33. Nxd5 Kxd5 34. Rd1+ Ke6 35. Rxd7 Kxd7 36. Kd3 Kd6 37. Kd4 b6 38. a4 Ke6 39. Ke4 Kd6 40. Kd4 Ke6 41. Ke4 1/2-1/2

[Event "BL2-West 1617"]
[Site "Germany"]
[Date "2017.05.08"]
[Round "9.4"]
[White "Klyuner, Vyacheslav"]
[Black "Schlawin, Marlon"]
[Result "1/2-1/2"]
[WhiteElo "2451"]
[BlackElo "2345"]
[PlyCount "91"]
[EventDate "2016.10.16"]
[EventType "team-tourn"]
[EventRounds "9"]
[EventCountry "GER"]
[SourceTitle "EXT 2018"]
[Source "ChessBase"]
[SourceDate "2017.10.13"]
[SourceVersion "1"]
[SourceVersionDate "2017.10.13"]
[SourceQuality "1"]
[WhiteTeam "Wuerselen"]
[BlackTeam "Bochum"]
[WhiteTeamCountry "GER"]
[BlackTeamCountry "GER"]

1. e4 e6 2. d3 d5 3. Nd2 Nf6 4. Ngf3 b6 5. g3 dxe4 6. dxe4 Bb7 7. Bb5+ Nbd7 8. Ne5 a6 9. Bc6 Bxc6 10. Nxc6 Qc8 11. Nd4 Qb7 12. Qe2 Rd8 13. N4f3 e5 14. 0-0 Bc5 15. a3 a5 16. b3 0-0 17. Bb2 Rfe8 18. Rae1 b5 19. Ra1 Bd6 20. a4 b4 21. Ne1 Nc5 22. f3 Nfd7 23. Nc4 Qa6 24. Ng2 Ne6 25. Rfd1 Bc5+ 26. Kf1 Nd4 27. Bxd4 Bxd4 28. Rab1 Nb6 29. Nce3 Qxe2+ 30. Kxe2 g6 31. Rd3 Rd6 32. Rbd1 Rc6 33. R1d2 Kf8 34. h4 Bc3 35. Rd1 Bd4 36. h5 Kg7 37. Rh1 f6 38. Rdd1 Rf8 39. hxg6 hxg6 40. Rh4 Rh8 41. Rxh8 Kxh8 42. f4 Kg7 43. f5 Nc8 44. fxg6 Nd6 45. Kf3 Kxg6 46. Ne1 1/2-1/2

[Event "BL2-West 1617"]
[Site "Germany"]
[Date "2017.03.19"]
[Round "7.3"]
[White "Schlawin, Marlon"]
[Black "Wegener, Olaf"]
[Result "1-0"]
[WhiteElo "2345"]
[BlackElo "2439"]
[PlyCount "83"]
[EventDate "2016.10.16"]
[EventType "team-tourn"]
[EventRounds "9"]
[EventCountry "GER"]
[SourceTitle "EXT 2018"]
[Source "ChessBase"]
[SourceDate "2017.10.13"]
[SourceVersion "1"]
[SourceVersionDate "2017.10.13"]
[SourceQuality "1"]
[WhiteTeam "Bochum"]
[BlackTeam "Dortmund Hansa"]
[WhiteTeamCountry "GER"]
[BlackTeamCountry "GER"]

1. c4 c5 2. g3 g6 3. Bg2 Bg7 4. Nc3 Nc6 5. d3 d6 6. e4 e5 7. Nge2 h5 8. h4 Be6 9. Be3 Qd7 10. Nd5 Bh6 11. Bg5 Kf8 12. Qd2 Kg7 13. 0-0 f6 14. f4 Qd8 15. Rf2 Kh7 16. Nxf6+ Nxf6 17. Bxh6 Ng4 18. Bg5 Qg8 19. Rf3 Rf8 20. Raf1 Bd7 21. Bh3 Kg7 22. f5 Qf7 23. Bxg4 hxg4 24. R3f2 gxf5 25. exf5 Nd4 26. Nxd4 cxd4 27. Qe2 Qh5 28. c5 Bc6 29. Be7 Bf3 30. Rxf3 gxf3 31. Qxf3 Qxf3 32. Bxf8+ Kxf8 33. Rxf3 dxc5 34. f6 Kf7 35. Rf5 Ke6 36. g4 Rf8 37. Kf2 b5 38. b3 a5 39. Kf3 Rxf6 40. Rxf6+ Kxf6 41. Ke4 Ke6 42. a4 1-0

[Event "BL2-West 1617"]
[Site "Germany"]
[Date "2016.12.05"]
[Round "3.4"]
[White "Buckels, Valentin"]
[Black "Schlawin, Marlon"]
[Result "0-1"]
[WhiteElo "2309"]
[BlackElo "2345"]
[PlyCount "62"]
[EventDate "2016.10.16"]
[EventType "team-tourn"]
[EventRounds "9"]
[EventCountry "GER"]
[SourceTitle "EXT 2018"]
[Source "ChessBase"]
[SourceDate "2017.10.13"]
[SourceVersion "1"]
[SourceVersionDate "2017.10.13"]
[SourceQuality "1"]
[WhiteTeam "Muelheim II"]
[BlackTeam "Bochum"]
[WhiteTeamCountry "GER"]
[BlackTeamCountry "GER"]

1. d4 e6 2. c4 Bb4+ 3. Nd2 b6 4. a3 Bxd2+ 5. Qxd2 Bb7 6. e3 d6 7. Ne2 h5 8. Nc3 Nf6 9. f3 h4 10. Be2 Nh5 11. e4 Nd7 12. f4 e5 13. Bxh5 Rxh5 14. 0-0 exd4 15. Qxd4 Qf6 16. Qd1 g6 17. Nb5 0-0-0 18. Nxa7+ Kb8 19. Nb5 h3 20. g3 Bxe4 21. a4 Bb7 22. a5 Rxb5 23. cxb5 Qf5 24. a6 Qe4 25. Kf2 Qg2+ 26. Ke3 Re8+ 27. Kd3 Qd5+ 28. Kc3 Qc5+ 29. Kd3 Be4+ 30. Kd2 Qb4+ 31. Ke3 Bc2+ 0-1

[Event "NRW Class2 1516"]
[Site "Germany"]
[Date "2016.05.08"]
[Round "9.3"]
[White "Schlawin, Marlon"]
[Black "Tripolsky, Eugene"]
[Result "1-0"]
[WhiteElo "2252"]
[BlackElo "2207"]
[PlyCount "73"]
[EventDate "2015.09.27"]
[EventType "team-tourn"]
[EventRounds "9"]
[EventCountry "GER"]
[SourceTitle "EXT 2017"]
[Source "ChessBase"]
[SourceDate "2016.10.25"]
[SourceVersion "1"]
[SourceVersionDate "2016.10.25"]
[SourceQuality "1"]
[WhiteTeam "Bochum II"]
[BlackTeam "Ennepe Ruhr Sued"]
[WhiteTeamCountry "GER"]
[BlackTeamCountry "GER"]

1. e4 g6 2. d4 Bg7 3. Nc3 d5 4. exd5 Nf6 5. Bc4 Nbd7 6. Qf3 0-0 7. h3 Nb6 8. Bb3 a5 9. a4 c6 10. dxc6 bxc6 11. Nge2 Nfd5 12. 0-0 Ba6 13. Rd1 Rb8 14. Ne4 Bc4 15. Bxc4 Nxc4 16. b3 Nd6 17. Nxd6 exd6 18. Nf4 Ne7 19. Bb2 d5 20. Nd3 Nf5 21. Ne5 Qc7 22. Qd3 c5 23. Rab1 Nxd4 24. Bxd4 cxd4 25. Nf3 Rb4 26. Rd2 Re8 27. Re1 Rc8 28. Rde2 h6 29. Re8+ Rxe8 30. Rxe8+ Kh7 31. h4 Qc6 32. Re7 Kg8 33. h5 g5 34. Qf5 Bf6 35. Rxf7 Bg7 36. Ne5 Qd6 37. Rxg7+ 1-0

[Event "NRW Class2 1516"]
[Site "Germany"]
[Date "2016.04.03"]
[Round "8.3"]
[White "Dinescu, Adrian"]
[Black "Schlawin, Marlon"]
[Result "0-1"]
[WhiteElo "2136"]
[BlackElo "2252"]
[PlyCount "74"]
[EventDate "2015.09.27"]
[EventType "team-tourn"]
[EventRounds "9"]
[EventCountry "GER"]
[SourceTitle "EXT 2017"]
[Source "ChessBase"]
[SourceDate "2016.10.25"]
[SourceVersion "1"]
[SourceVersionDate "2016.10.25"]
[SourceQuality "1"]
[WhiteTeam "Ratingen"]
[BlackTeam "Bochum II"]
[WhiteTeamCountry "GER"]
[BlackTeamCountry "GER"]

1. e4 e6 2. d4 d5 3. e5 c5 4. c3 Nc6 5. Nf3 Bd7 6. Bd3 Rc8 7. a3 cxd4 8. cxd4 Qb6 9. 0-0 Nxd4 10. Nxd4 Qxd4 11. Qe2 Ne7 12. Nc3 Ng6 13. Be3 Qxe5 14. f4 Qxe3+ 15. Qxe3 Bc5 16. Nxd5 0-0 17. Qxc5 Rxc5 18. Nc3 Bc6 19. Bxg6 hxg6 20. Rad1 g5 21. g3 a5 22. Kf2 gxf4 23. gxf4 Rh5 24. Kg3 g6 25. h4 Kg7 26. Rf2 Rfh8 27. Rh2 e5 28. fxe5 Rxe5 29. Rd4 Re3+ 30. Kf2 Rhe8 31. Rf4 Rd3 32. Kf1 Re5 33. Rhf2 Re7 34. Rh2 Kh6 35. Rhf2 Rh3 36. Ne2 Rh1+ 37. Ng1 Rd7 0-1

[Event "BL2-West 1516"]
[Site "Germany"]
[Date "2016.03.13"]
[Round "8.7"]
[White "Gupta, Milon"]
[Black "Schlawin, Marlon"]
[Result "0-1"]
[WhiteElo "2275"]
[BlackElo "2308"]
[PlyCount "132"]
[EventDate "2015.09.20"]
[EventType "team-tourn"]
[EventRounds "9"]
[EventCountry "GER"]
[SourceTitle "EXT 2017"]
[Source "ChessBase"]
[SourceDate "2016.10.25"]
[SourceVersion "1"]
[SourceVersionDate "2016.10.25"]
[SourceQuality "1"]
[WhiteTeam "Solingen"]
[BlackTeam "Bochum"]
[WhiteTeamCountry "GER"]
[BlackTeamCountry "GER"]

1. d4 e6 2. Nf3 c5 3. c3 Nf6 4. Bf4 b6 5. e3 Bb7 6. Nbd2 Be7 7. h3 0-0 8. Bd3 Nc6 9. Qe2 Re8 10. 0-0 Bf8 11. Rad1 d6 12. Ne4 Nxe4 13. Bxe4 h6 14. dxc5 bxc5 15. Bg3 d5 16. Bc2 Qb6 17. e4 Red8 18. e5 Ba6 19. Bd3 Bxd3 20. Rxd3 Rab8 21. Rd2 Qb5 22. Qxb5 Rxb5 23. b3 Rb7 24. h4 a5 25. Rc2 a4 26. Nd2 h5 27. f4 Ne7 28. Bf2 Nf5 29. g3 Ra8 30. Kg2 Be7 31. Rb1 f6 32. c4 d4 33. exf6 gxf6 34. Kf3 Kf7 35. Ne4 Rab8 36. Rcb2 Nh6 37. Nd2 Ng4 38. Bg1 f5 39. Ke2 e5 40. fxe5 Nxe5 41. Rf1 Ke6 42. Rbb1 Bd8 43. Rf4 Ba5 44. Nf3 Nxf3 45. Rxf3 Bc3 46. Rbf1 axb3 47. axb3 Rf7 48. Rb1 Ra7 49. Rxc3 dxc3 50. Kd3 Rg8 51. Re1+ Kd6 52. Bf2 Ra2 53. Rf1 c2 54. Rc1 Ke6 55. Kc3 Re8 56. Kd2 Rd8+ 57. Kc3 Re8 58. Kd2 Re7 59. Kd3 Rb7 60. Kc3 Ra3 61. Rxc2 Rbxb3+ 62. Kd2 Rf3 63. Be1 Rad3+ 64. Ke2 Rde3+ 65. Kd2 Re4 66. Rc1 Rf1 0-1

[Event "NRW Class2 1415"]
[Site "Germany"]
[Date "2015.04.26"]
[Round "9.4"]
[White "Tueckmantel, Rene"]
[Black "Schlawin, Marlon"]
[Result "1-0"]
[WhiteElo "2124"]
[BlackElo "2222"]
[PlyCount "109"]
[EventDate "2014.09.14"]
[EventType "team-tourn"]
[EventRounds "9"]
[EventCountry "GER"]
[SourceTitle "EXT 2017"]
[Source "ChessBase"]
[SourceDate "2016.10.25"]
[SourceVersion "1"]
[SourceVersionDate "2016.10.25"]
[SourceQuality "1"]
[WhiteTeam "Wuppertal Bahn"]
[BlackTeam "Bochum SG II"]
[WhiteTeamCountry "GER"]
[BlackTeamCountry "GER"]

1. c4 e5 2. g3 Nf6 3. Bg2 d5 4. cxd5 Nxd5 5. Nc3 Nb6 6. Nf3 Nc6 7. 0-0 Be7 8. a3 0-0 9. b4 Be6 10. d3 f6 11. Bb2 Qd7 12. Rc1 a5 13. b5 Nd4 14. Nxd4 exd4 15. Ne4 Qxb5 16. Bxd4 Bxa3 17. Rxc7 Nd5 18. Nc3 Nxc3 19. Bxc3 Rf7 20. Rxf7 Bxf7 21. Qa1 Bf8 22. Rb1 Bb3 23. Bh3 Kf7 24. Bg2 a4 25. h4 Rc8 26. Rc1 Qd7 27. Qb2 b5 28. Bd2 Rxc1+ 29. Bxc1 b4 30. d4 Qc7 31. Be4 Qc3 32. Qb1 Qe1+ 33. Kg2 Qxe2 34. Be3 Qb5 35. Bxh7 Bd5+ 36. Kh2 Bc6 37. Qg6+ Ke7 38. Bg8 Bd5 39. Qf5 Bc4 40. Qe4+ Kd7 41. d5 Bd6 42. Qg4+ Kd8 43. Qxg7 Bxd5 44. Qxf6+ Kc7 45. Bf4 Bxf4 46. Qxf4+ Kc6 47. Qf6+ Kd7 48. Qf5+ Kd6 49. Qf8+ Kd7 50. Bxd5 Qxd5 51. Qxb4 Qb3 52. Qd4+ Kc6 53. h5 Kb5 54. h6 Qf3 55. h7 1-0

[Event "NRW Class2 1415"]
[Site "Germany"]
[Date "2015.03.22"]
[Round "8.4"]
[White "Schlawin, Marlon"]
[Black "Buendgen, Achim"]
[Result "1-0"]
[WhiteElo "2222"]
[BlackElo "2166"]
[PlyCount "55"]
[EventDate "2014.09.14"]
[EventType "team-tourn"]
[EventRounds "9"]
[EventCountry "GER"]
[SourceTitle "EXT 2017"]
[Source "ChessBase"]
[SourceDate "2016.10.25"]
[SourceVersion "1"]
[SourceVersionDate "2016.10.25"]
[SourceQuality "1"]
[WhiteTeam "Bochum SG II"]
[BlackTeam "Neuenkirchen"]
[WhiteTeamCountry "GER"]
[BlackTeamCountry "GER"]

1. e4 c6 2. Nf3 d5 3. Nc3 Bg4 4. h3 Bh5 5. exd5 cxd5 6. Bb5+ Nc6 7. g4 Bg6 8. Ne5 Rc8 9. d4 e6 10. Qe2 Bb4 11. h4 Nge7 12. h5 Be4 13. f3 0-0 14. Bxc6 Nxc6 15. Nxc6 Rxc6 16. 0-0 Bxc3 17. bxc3 Rxc3 18. Bd2 Rxc2 19. fxe4 dxe4 20. Qe3 f5 21. gxf5 exf5 22. Qb3+ Kh8 23. Qxc2 Qxd4+ 24. Kh1 e3 25. Bc3 Qh4+ 26. Qh2 Qe4+ 27. Qg2 Qh4+ 28. Kg1 1-0

[Event "NRW Class1 1314"]
[Site "Germany"]
[Date "2013.10.06"]
[Round "2.3"]
[White "Kurr, Gerd"]
[Black "Schlawin, Marlon"]
[Result "1-0"]
[WhiteElo "2169"]
[BlackElo "2234"]
[PlyCount "127"]
[EventDate "2013.09.15"]
[EventType "team-tourn"]
[EventRounds "9"]
[EventCountry "GER"]
[SourceTitle "EXT 2015"]
[Source "ChessBase"]
[SourceDate "2014.11.20"]
[SourceVersion "1"]
[SourceVersionDate "2014.11.20"]
[SourceQuality "1"]
[WhiteTeam "Elberfeld"]
[BlackTeam "Bochum II"]
[WhiteTeamCountry "GER"]
[BlackTeamCountry "GER"]

1. d4 e6 2. Nf3 c5 3. c3 Nf6 4. Bg5 h6 5. Bh4 b6 6. e3 Bb7 7. Nbd2 Be7 8. Bd3 d6 9. 0-0 Nc6 10. Qe2 g5 11. Bg3 h5 12. dxc5 bxc5 13. h4 gxh4 14. Bxh4 Rb8 15. Rfd1 Ng4 16. Bxe7 Qxe7 17. Bb5 Kf8 18. Nc4 Rd8 19. e4 h4 20. Rd2 h3 21. gxh3 Rxh3 22. Kg2 Rh6 23. Rg1 Nce5 24. Ncxe5 Nxe5 25. Nxe5 dxe5 26. Kf1 Rh4 27. f3 Qf6 28. Ke1 Rh8 29. Qf2 Rxd2 30. Qxc5+ Qe7 31. Qxe7+ Kxe7 32. Kxd2 Rh2+ 33. Kc1 Rf2 34. Rd1 Bc8 35. Rd3 f5 36. a4 fxe4 37. fxe4 Re2 38. Rd8 Kxd8 39. Bxe2 Bb7 40. Bd3 a5 41. b4 Bc6 42. b5 Be8 43. c4 Kc7 44. c5 Bh5 45. Kd2 Bf3 46. Bc2 Kb7 47. Ke3 Bg4 48. Kf2 Kc7 49. Kg3 Be2 50. Kh4 Kd7 51. Kg5 Ke7 52. b6 Kd7 53. Kf6 Kc6 54. Kxe6 Ba6 55. Kxe5 Kxc5 56. Bd3 Bb7 57. Bb5 Kxb6 58. Kf5 Kc5 59. e5 Bc8+ 60. Kf6 Kd5 61. Be8 Bg4 62. Bf7+ Kc5 63. e6 Bd1 64. Be8 1-0

[Event "BL2-West 1213"]
[Site "Germany"]
[Date "2013.02.03"]
[Round "6.8"]
[White "De Groote, Ewoud"]
[Black "Schlawin, Marlon"]
[Result "1/2-1/2"]
[WhiteElo "2320"]
[BlackElo "2270"]
[PlyCount "61"]
[EventDate "2012.10.14"]
[EventType "team-tourn"]
[EventRounds "9"]
[EventCountry "GER"]
[SourceTitle "CBM 154 Extra"]
[Source "ChessBase"]
[SourceDate "2013.06.25"]
[SourceVersion "2"]
[SourceVersionDate "2013.06.25"]
[SourceQuality "1"]
[WhiteTeam "Bochum SV"]
[BlackTeam "Bochum SG"]
[WhiteTeamCountry "GER"]
[BlackTeamCountry "GER"]

1. e4 e6 2. d4 d5 3. Nd2 c5 4. exd5 exd5 5. Ngf3 Nf6 6. Bb5+ Bd7 7. Bxd7+ Nbxd7 8. 0-0 Be7 9. dxc5 Nxc5 10. Nd4 Qd7 11. Qf3 0-0 12. Nf5 Bd8 13. Nb3 Nce4 14. Be3 Re8 15. Rad1 Re5 16. Nbd4 a5 17. Ng3 Nxg3 18. fxg3 Bb6 19. Kh1 a4 20. a3 Rae8 21. Bg1 Qg4 22. Nb5 Bxg1 23. Rxg1 Re2 24. Nd4 R2e3 25. Qxg4 Nxg4 26. Nf5 Re2 27. h3 Nf6 28. Nd4 R2e3 29. Nf5 Re2 30. Nd4 R2e3 31. Nf5 1/2-1/2

[Event "NRW Class1 1213"]
[Site "Germany"]
[Date "2013.01.20"]
[Round "5.4"]
[White "Schlawin, Marlon"]
[Black "Tran, Duc Cuong"]
[Result "1-0"]
[WhiteElo "2211"]
[BlackElo "2036"]
[PlyCount "85"]
[EventDate "2012.09.16"]
[EventType "team-tourn"]
[EventRounds "9"]
[EventCountry "GER"]
[SourceTitle "EXT 2017"]
[Source "ChessBase"]
[SourceDate "2016.10.25"]
[SourceVersion "1"]
[SourceVersionDate "2016.10.25"]
[SourceQuality "1"]
[WhiteTeam "Bochum II"]
[BlackTeam "Lippstadt Turm"]
[WhiteTeamCountry "GER"]
[BlackTeamCountry "GER"]

1. e4 c5 2. Nf3 e6 3. c3 Nf6 4. e5 Nd5 5. d4 cxd4 6. cxd4 Nc6 7. Bc4 d6 8. 0-0 Be7 9. a3 0-0 10. Qe2 Qc7 11. Rd1 Bd7 12. Bd3 Rac8 13. Qe4 f5 14. exf6 Nxf6 15. Qe2 d5 16. Nc3 a6 17. h3 Rce8 18. Bg5 Kh8 19. Rac1 Qd6 20. Bb1 Bd8 21. Ne5 g6 22. Bf4 Nxe5 23. dxe5 Qb8 24. Bh6 Nh5 25. Bxf8 Rxf8 26. Qe3 Ng7 27. Re1 b5 28. Qh6 Kg8 29. Nd1 Nf5 30. Bxf5 Rxf5 31. Ne3 Bg5 32. Nxf5 Bxh6 33. Nxh6+ Kf8 34. b4 Qb7 35. Ng4 Bc6 36. Rc5 h5 37. Nf6 d4 38. Rec1 d3 39. Rxc6 d2 40. Rc8+ Kg7 41. Rg8+ Kf7 42. Rd1 Qc6 43. Rd8 1-0

[Event "NRW Class1 1213"]
[Site "Germany"]
[Date "2012.12.16"]
[Round "4.4"]
[White "Gajic, Goran"]
[Black "Schlawin, Marlon"]
[Result "1/2-1/2"]
[WhiteElo "1956"]
[BlackElo "2211"]
[PlyCount "62"]
[EventDate "2012.09.16"]
[EventType "team-tourn"]
[EventRounds "9"]
[EventCountry "GER"]
[SourceTitle "EXT 2017"]
[Source "ChessBase"]
[SourceDate "2016.10.25"]
[SourceVersion "1"]
[SourceVersionDate "2016.10.25"]
[SourceQuality "1"]
[WhiteTeam "Bocholt"]
[BlackTeam "Bochum II"]
[WhiteTeamCountry "GER"]
[BlackTeamCountry "GER"]

1. d4 e6 2. Nf3 c5 3. c3 Nf6 4. Bg5 h6 5. Bh4 b6 6. e3 Bb7 7. Nbd2 d6 8. Bb5+ Nbd7 9. Bxf6 gxf6 10. dxc5 bxc5 11. Qa4 a6 12. Bxd7+ Qxd7 13. Qxd7+ Kxd7 14. Nc4 Rb8 15. 0-0-0 Rg8 16. Ne1 Bd5 17. b3 Bxc4 18. bxc4 Rg4 19. f4 f5 20. g3 Bg7 21. Kc2 h5 22. Nf3 Bf6 23. Rb1 Rxb1 24. Rxb1 Kc7 25. Rg1 Kc6 26. Ng5 h4 27. Nf3 hxg3 28. Rxg3 e5 29. Rxg4 fxg4 30. Nd2 Bg7 31. f5 Bh6 1/2-1/2

[Event "BL2-West 1213"]
[Site "Germany"]
[Date "2012.12.09"]
[Round "4.7"]
[White "Schlawin, Marlon"]
[Black "Peschel, Andreas"]
[Result "1-0"]
[WhiteElo "2270"]
[BlackElo "2167"]
[PlyCount "75"]
[EventDate "2012.10.14"]
[EventType "team-tourn"]
[EventRounds "9"]
[EventCountry "GER"]
[SourceTitle "CBM 154 Extra"]
[Source "ChessBase"]
[SourceDate "2013.06.25"]
[SourceVersion "2"]
[SourceVersionDate "2013.06.25"]
[SourceQuality "1"]
[WhiteTeam "Bochum SG"]
[BlackTeam "Solingen SG II"]
[WhiteTeamCountry "GER"]
[BlackTeamCountry "GER"]

1. e4 g6 2. d4 Bg7 3. Nc3 c6 4. Bc4 d5 5. exd5 b5 6. Bb3 b4 7. Ne4 cxd5 8. Nc5 Nf6 9. Nf3 0-0 10. 0-0 Nbd7 11. Nd3 a5 12. a3 bxa3 13. Rxa3 Nb6 14. c3 Bd7 15. Re1 Bb5 16. Nfe5 Nfd7 17. Bf4 Nc4 18. Nxd7 Qxd7 19. Ra2 Rfe8 20. Bc2 Qc8 21. h3 e6 22. Qa1 Qd8 23. b3 g5 24. Bg3 Nd6 25. Nc5 Nf5 26. Be5 Qb6 27. b4 a4 28. Bxg7 Kxg7 29. Bxa4 Nd6 30. Bc2 Rxa2 31. Qxa2 Bc6 32. Bd3 Ra8 33. Qe2 Qd8 34. Qh5 h6 35. Rxe6 Ra1+ 36. Kh2 Qh8 37. Rxd6 Qb8 38. Qxh6+ 1-0

[Event "NRW Class1 1213"]
[Site "Germany"]
[Date "2012.09.16"]
[Round "1.5"]
[White "Schlawin, Marlon"]
[Black "Kartsev, Soel"]
[Result "1-0"]
[WhiteElo "2211"]
[BlackElo "2167"]
[PlyCount "145"]
[EventDate "2012.09.16"]
[EventType "team-tourn"]
[EventRounds "9"]
[EventCountry "GER"]
[SourceTitle "EXT 2017"]
[Source "ChessBase"]
[SourceDate "2016.10.25"]
[SourceVersion "1"]
[SourceVersionDate "2016.10.25"]
[SourceQuality "1"]
[WhiteTeam "Bochum II"]
[BlackTeam "Castrop Rauxel"]
[WhiteTeamCountry "GER"]
[BlackTeamCountry "GER"]

1. e4 c5 2. Nf3 a6 3. c3 Nf6 4. e5 Nd5 5. d4 cxd4 6. cxd4 d6 7. Bc4 e6 8. 0-0 Be7 9. a3 Nc6 10. Qe2 0-0 11. Bd3 dxe5 12. dxe5 b5 13. Qc2 Bb7 14. Bxh7+ Kh8 15. Be4 Rc8 16. Qd3 f5 17. exf6 Nxf6 18. Nc3 Nxe4 19. Qxe4 Na5 20. Qxe6 Rxf3 21. gxf3 Rc6 22. Qh3+ Kg8 23. Rd1 Rg6+ 24. Kf1 Qf8 25. Nd5 Nb3 26. Rb1 Bc5 27. Be3 Qf7 28. Nf4 Qc4+ 29. Ne2 Be7 30. Qf5 Rf6 31. Qg4 Qc6 32. Nd4 Qc4+ 33. Ne2 Qc6 34. Bd4 Rg6 35. Qe4 Qxe4 36. fxe4 Bxe4 37. Be3 Bxb1 38. Rxb1 Bg5 39. Bxg5 Rxg5 40. Rd1 Rc5 41. Kg2 Rg5+ 42. Kf3 Rf5+ 43. Kg3 Rg5+ 44. Kf3 Rf5+ 45. Kg2 Rg5+ 46. Ng3 Rc5 47. Rd3 Nc1 48. Rd6 a5 49. Ne4 Rc4 50. Kf3 b4 51. Ng5 Kf8 52. Rd4 bxa3 53. Rxc4 axb2 54. Rc8+ Ke7 55. Rb8 Nd3 56. Ne4 a4 57. Nc3 a3 58. Rb3 Ne5+ 59. Ke2 Nc4 60. Kd3 Ne5+ 61. Kc2 Nc4 62. Rb4 Ne5 63. Ra4 Nf3 64. Rxa3 Nxh2 65. Kxb2 Ng4 66. Ne4 Ke6 67. Ra5 Ne5 68. Kc3 Kf5 69. Ng3+ Kf4 70. Nh5+ Ke4 71. Nxg7 Ng4 72. Ra4+ Kf3 73. Rxg4 1-0